Online katalóg knižníc regiónu Turca

Kamenný chodníček (Record no. 20955)

MARC details
000 -LEADER
fixed length control field 01356nam a22004093 4500
001 - CONTROL NUMBER
control field 20955
003 - CONTROL NUMBER IDENTIFIER
control field VRT
005 - DATE AND TIME OF LATEST TRANSACTION
control field 20260207114224.0
008 - FIXED-LENGTH DATA ELEMENTS--GENERAL INFORMATION
fixed length control field 200226s1947 xo g 000 d slo d
020 ## - INTERNATIONAL STANDARD BOOK NUMBER
Qualifying information (brožované)
035 ## - SYSTEM CONTROL NUMBER
System control number a000658256
039 #9 - LEVEL OF BIBLIOGRAPHIC CONTROL AND CODING DETAIL [OBSOLETE]
Level of rules in bibliographic description 202008060900
Level of effort used to assign nonsubject heading access points izakovicm
Level of effort used to assign subject headings 202008041419
Level of effort used to assign classification kucmanj
Level of effort used to assign subject headings 202002270804
Level of effort used to assign classification komaromk
Level of effort used to assign subject headings 202002261657
Level of effort used to assign classification szollosk
040 ## - CATALOGING SOURCE
Original cataloging agency UKB
Language of cataloging slo
Modifying agency UKB
Description conventions rda
041 0# - LANGUAGE CODE
Language code of text/sound track or separate title slo
044 ## - COUNTRY OF PUBLISHING/PRODUCING ENTITY CODE
MARC country code xo
ISO country code SK
072 #7 - SUBJECT CATEGORY CODE
Subject category code 821.162.4-2
Subject category code subdivision Slovenská dráma
Source konspekt
080 ## - UNIVERSAL DECIMAL CLASSIFICATION NUMBER
Universal Decimal Classification number 821.162.4-22
Edition identifier 2011
080 ## - UNIVERSAL DECIMAL CLASSIFICATION NUMBER
Universal Decimal Classification number (0:82-22)
Edition identifier 2011
080 ## - UNIVERSAL DECIMAL CLASSIFICATION NUMBER
Universal Decimal Classification number (0:82-146.2)
Edition identifier 2011
080 ## - UNIVERSAL DECIMAL CLASSIFICATION NUMBER
Universal Decimal Classification number (0:82-192)
Edition identifier 2011
100 1# - MAIN ENTRY--PERSONAL NAME
Personal name Urbánek, Ferko,
Dates associated with a name 1858-1934
Relationship aut
245 10 - TITLE STATEMENT
Title Kamenný chodníček
Remainder of title veselohra so spevmi v troch dejstvách
Statement of responsibility, etc. Ferko Urbánek
250 ## - EDITION STATEMENT
Edition statement Štvrté vydanie
264 #1 - PRODUCTION, PUBLICATION, DISTRIBUTION, MANUFACTURE, AND COPYRIGHT NOTICE
Place of production, publication, distribution, manufacture V Turč. Sv. Martin
Name of producer, publisher, distributor, manufacturer Ústredie slovenských ochotníckych divadiel
-- Matica slovenská
Date of production, publication, distribution, manufacture, or copyright notice 1947
300 ## - PHYSICAL DESCRIPTION
Extent 62 strán
336 ## - CONTENT TYPE
Content type term text
Content type code txt
Source rdacontent
337 ## - MEDIA TYPE
Media type term bez média
Media type code n
Source rdamedia
338 ## - CARRIER TYPE
Carrier type term zväzok
Carrier type code nc
Source rdacarrier
490 1# - SERIES STATEMENT
Series statement Divadelná knižnica
Volume/sequential designation sv. 73
655 #7 - INDEX TERM--GENRE/FORM
Genre/form data or focus term slovenské drámy
Source of term UKBPH
655 #7 - INDEX TERM--GENRE/FORM
Genre/form data or focus term divadelné hry
Source of term UKBPH
655 #7 - INDEX TERM--GENRE/FORM
Genre/form data or focus term veselohry
Source of term UKBPH
830 #0 - SERIES ADDED ENTRY--UNIFORM TITLE
Uniform title Divadelná knižnica
942 ## - ADDED ENTRY ELEMENTS (KOHA)
Source of classification or shelving scheme Dewey Decimal Classification
Koha item type Krásna literatúra pre dospelých
Suppress in OPAC No
949 ## - LOCAL PROCESSING INFORMATION (OCLC)
6 1124191
a S.G.03529
b PV.912-47
949 ## - LOCAL PROCESSING INFORMATION (OCLC)
6 1800811509
a 20.G.01059
b NA.2020-20
Holdings
Stav vyradenia Strata Poškodenie Spôsob nadobudnutia Domovská knižnica Aktuálna knižnica Dátum nadobudnutia Total checkouts Čiarový kód exemplára Date last seen Typ exemplára
      Dar Obecná knižnica Horná Štubňa Obecná knižnica Horná Štubňa 07.02.2026   4736201126 07.02.2026 Krásna literatúra pre dospelých
Projekt je podporený Slovenskou asociáciou knižníc
Prevádzkuje Turčianska knižnica Martin 2026